00569cam a22002057a 4500003000500000005001700005008004100022010001000063011001000073020001800083035001000101040000900111082001400120100001800134245011500152260004500267300001100312650002100323700001900344CHAP20220329142621.0010926s2000 uk r 00010 eng d a85681 a86653 a0 85199 331 1 a97192 cCHAP04a620.8bT900aTzotzos, G.T.10aBiotechnology in the developing world and countries in economic transitionc/by G.T. Tzotzos and K.G. Skryabin aWallingford :bCAB International,c2000. a312 p.14aBiotecnología.0 aSkryabin, K.G.